Αφιέρωμα στις Κακοήθεις Παθήσεις Παχέος Εντέρου και Πρωκτού (β' μέρος) (Record no. 9656)
[ view plain ]
| 000 -LEADER | |
|---|---|
| fixed length control field | 01610cam a22001814a 4500 |
| 005 - ΗΜΕΡΟΜΗΝΙΑ ΚΑΙ ΩΡΑ ΤΕΛΕΥΤΑΙΑΣ ΕΝΗΜΕΡΩΣΗΣ | |
| Πεδίο ελέγχου | 20250605164405.0 |
| 008 - FIXED-LENGTH DATA ELEMENTS--GENERAL INFORMATION | |
| Πεδίο ελέγχου σταθερού μήκους | 250528s ||||||||||||||||||||||||d |
| 035 ## - SYSTEM CONTROL NUMBER | |
| System control number | 24811 |
| 040 ## - ΠΗΓΗ ΚΑΤΑΛΟΓΟΓΡΑΦΗΣΗΣ | |
| Φορέας πρωτότυπης καταλογογράφησης | MC Athens Campus Library |
| Γλώσσα καταλογογράφησης | Ελληνικά, Μοντέρνα (1453-) |
| Modifying agency | MC Athens Campus Library |
| Κανόνες περιγραφικής καταλογογράφησης | AACR2 |
| 245 1# - ΤΙΤΛΟΣ ΚΑΙ ΔΗΛΩΣΗ ΥΠΕΥΘΥΝΟΤΗΤΑΣ | |
| Τίτλος | Αφιέρωμα στις Κακοήθεις Παθήσεις Παχέος Εντέρου και Πρωκτού (β' μέρος) |
| 260 ## - PUBLICATION, DISTRIBUTION, ETC. | |
| Name of publisher, distributor, etc. | Υγεία, |
| Date of publication, distribution, etc. | 2023 |
| 300 ## - PHYSICAL DESCRIPTION | |
| Extent | 40 |
| 520 ## - SUMMARY, ETC. | |
| Summary, etc. | Βιολογικοί Παράγοντες στη Μεταστατική Νόσο του Καρκίνου Παχέος Εντέρου και Εξατομικευμένες Επιλογές, Εισαγωγική Θεραπεία Καρκίνου Όρθου, Κολορθικός Καρκίνος σε Νέους, Περιτοναϊκή Ενδοσκοπική Χειρουργική για Όγκους του Όρθου, Διαπρωκτική Ολική Μεσαορθική Εκτομή (taTME) έναντι διακοιλιακής ΤΜΕ για Καρκίνο Όρθου, Ρομποτική Χαμηλή Πρόσθια Εκτομή: Πλεονεκτήματα και Μειονεκτήματα Έναντι της Λαπαροσοπικής, Καρκίνος του Όρθου και Σύνδρομο Χαμηλής Πρόσθιας Εκτομής, Εμφάνιση Καρκίνου Παχέος Εντέρου και Όρθου σε Έδαφος Ιδιοπαθών Φλεγμονοδών Νοσημάτων του Εντέρου (ΙΦΝΕ). |
| 700 1# - ΠΡΟΣΘΕΤΗ ΑΝΑΓΡΑΦΗ--ΦΥΣΙΚΟ ΠΡΟΣΩΠΟ | |
| Personal name | Αποστολάκης Ιωάννης |
| 9 (RLIN) | 9425 |
| 942 ## - ADDED ENTRY ELEMENTS (KOHA) | |
| Koha item type | Περιοδικά Δημοσιεύματα |
| Τύπος τεκμηρίου | Βιβλιοθήκη | Τρέχουσα τοποθεσία | Barcode | Ημερομηνία απόκτησης | Ταξιθετικό σύμβολο | Αριθμός αντιτύπου | Αρίθμηση σειρών / χρονολογία | Κατάσταση απόσυρσης | Κατάσταση χαμένου | Κατάσταση κατεστραμμένου | Μη δανεισμός | Σύνολο δανεισμών | Ημερομηνία τελευταίας εμφάνισης | Η τιμή ισχύει από |
|---|---|---|---|---|---|---|---|---|---|---|---|---|---|---|
| Περιοδικά Δημοσιεύματα | MC Athens Campus Library | MC Athens Campus Library | 9780000096555 | 05/06/2025 | ΙΑΤΡΙΚΑ ΑΝΑΛΕΚΤΑ4 | 1 | Δ' | 05/06/2025 | 05/06/2025 |